000
00286nam a2200121Ia 4500
008
230907s9999||||xx |||||||||||||| ||und||
082
_a
530
_b
HEW
100
_a
Hewitt, Paul G.,
_9
8811
245
0
_a
Conceptual physics /
300
_a
812 p.
650
_a
Textbooks.
_9
8511
942
_c
BK
999
_c
598882
_d
598882